• 首页
  • 本馆介绍
  • 公告通知
  • 最新文献
  • 馆藏检索
  • 电子资源
  • 读者导购
  • 参考咨询
  • 我的图书馆
  • 登录
  • 详细信息显示
  • 放入我的书架
  • 预约/预借图书
  • 作者相关作品
  • 分类相关作品
  • 丛书相关作品
  • 出版社相关作品

书目信息

  • 表格格式
  • 工作单格式
  • 卡片格式
题名:
中国民办教育发展报告
    
 
作者: 王佐书 主编
分册: 2013-2014  
出版信息: 北京   科学出版社  2014.11
页数: 438页
开本: 24cm
丛书名:
单 册:
中图分类: G522.74
科图分类:
主题词: 社会办学--研究报告--中国--2013-2014 , 社会办学
电子资源:
ISBN: 978-7-03-042243-9
000 01097nam0 2200277 450
001 0120141454484
005 20160519145016.93
010    @a978-7-03-042243-9@dCNY79.00
100    @a20141219d2014 em y0chiy50 ea
101 0  @achi
102    @aCN@b110000
105    @aak z 000yy
106    @ar
200 1  @a中国民办教育发展报告@9zhong guo min ban jiao yu fa zhan bao gao@h2013-2014@f王佐书主编
210    @a北京@c科学出版社@d2014.11
215    @a438页@c图@d24cm
312    @a封面英文题名:Development report on non-governmental education in China(2013-2014)
330    @a本书分为领导讲话、综合报告、类别报告、区域报告、专题报告、院校案例、要言摘录七部分。主要内容包括:在非营利性民办高校联盟成立大会上的讲话;办好让人民满意的民办教育等。
333    @a发展中国民办教育的领导与人士
510 1  @aDevelopment report on non-governmental education in China@h2013-2014@zeng
606 0  @a社会办学@x研究报告@y中国@z2013-2014
606 0  @a社会办学
690    @aG522.74@v5
701  0 @a王佐书@9wang zuo shu@4主编
801  0 @aCN@b人天书店@c20141219
905    @b878110-15@dG522.74@e202@f6
    
    中国民办教育发展报告.2013-2014/王佐书主编.-北京:科学出版社,2014.11
    438页:图;24cm
    使用对象:发展中国民办教育的领导与人士
    
    ISBN 978-7-03-042243-9:CNY79.00
    本书分为领导讲话、综合报告、类别报告、区域报告、专题报告、院校案例、要言摘录七部分。主要内容包括:在非营利性民办高校联盟成立大会上的讲话;办好让人民满意的民办教育等。
●
相关链接 在E读中查询图书 在五车中查询图书 在当当中查询图书 在豆瓣中查询图书


正题名:中国民办教育发展报告     索取号:G522.74/202         预约/预借

序号 登录号 条形码 馆藏地/架位号 状态 备注
1 878110   208781102   第一样本阅览室/ [索取号:G522.74/202] 在馆    
2 878111   208781111   教育系资料室/ [索取号:G522.74/202] 在馆    
3 878112   208781120   教育系资料室/ [索取号:G522.74/202] 在馆    
4 878113   208781139   教育系资料室/ [索取号:G522.74/202] 在馆    
5 878114   208781148   第四借阅区/ [索取号:G522.74/202] 在馆    
6 878115   208781157   第四借阅区/ [索取号:G522.74/202] 在馆    
唐山师范学院图书馆 欢迎您!
大连网信软件有限公司© 版权所有